Follow me down / Sherri Smith.
Available copies
- 2 of 2 copies available at LARL/NWRL Consortium.
- 1 of 1 copy available at Lake Agassiz Regional Library. (Show preferred library)
Current holds
0 current holds with 2 total copies.
Show Only Available Copies
| Location | Call Number / Copy Notes | Barcode | Shelving Location | Status | Due Date |
|---|---|---|---|---|---|
| Moorhead Public Library | SMI (Text) | 33500012463501 | Main | Available | - |
| Red Lake Falls Public Library | SMI (Text) | 35500005845951 | Main | Available | - |
Record details
- ISBN: 9780765386700 (hardback)
- ISBN: 0765386704 (hardback)
- Physical Description: pages cm
- Edition: First edition.
- Publisher: New York : Forge, 2017.
Content descriptions
| General Note: | "A Tom Doherty Associates Book." |
| Summary, etc.: | "Mia Haas has built a life for herself far from ... Read More |
Search for related items by subject
| Genre: | Psychological fiction. Suspense fiction. |
| LDR | 02842cam a22005178i 4500 | ||
|---|---|---|---|
| 001 | 227880 | ||
| 003 | LARL_NWRL_CONSORTIUM | ||
| 005 | 20170214091512.0 | ||
| 008 | 170112s2017 nyu 000 1 eng | ||
| 020 | . | ‡a9780765386700 (hardback) | |
| 020 | . | ‡a0765386704 (hardback) | |
| 020 | . | ‡z9780765386724 (e-book) | |
| 035 | . | ‡a(OCoLC)947145453 | |
| 042 | . | ‡apcc | |
| 043 | . | ‡an-us-nd | |
| 082 | 0 | 0. | ‡a813/.6 ‡223 |
| 084 | . | ‡aFIC044000 ‡aFIC030000 ‡2bisacsh | |
| 100 | 1 | . | ‡aSmith, Sherri ‡q(Sherri Lee), ‡eauthor. |
| 245 | 1 | 0. | ‡aFollow me down / ‡cSherri Smith. |
| 250 | . | ‡aFirst edition. | |
| 264 | 1. | ‡aNew York : ‡bForge, ‡c2017. | |
| 300 | . | ‡apages cm | |
| 336 | . | ‡atext ‡btxt ‡2rdacontent | |
| 337 | . | ‡aunmediated ‡bn ‡2rdamedia | |
| 338 | . | ‡avolume ‡bnc ‡2rdacarrier | |
| 500 | . | ‡a"A Tom Doherty Associates Book." | |
| 520 | . | ‡a"Mia Haas has built a life for herself far from the North Dakota town where she grew up, but when she receives word that her twin brother is missing, she's forced to return home. Once hailed as the golden boy of their small town, Lucas Haas disappeared the same day the body of one of his high school students is pulled from the river. Trying to wrap her head around the rumors of Lucas's affair with the teen, and unable to reconcile the media's portrayal of Lucas as a murderer with her own memories of him, Mia is desperate to find another suspect. All the while, she wonders, if he's innocent, why did he run? As Mia reevaluates their difficult, shared history and launches her own investigation into the grisly murder, she uncovers secrets that could exonerate Lucas -- or seal his fate. In a small town where everyone's history is intertwined, Mia will be forced to confront her own demons, placing her right in the killer's crosshairs. Follow Me Down is a rare find -- a gutsy, visceral, and beautifully crafted psychological thriller."-- ‡cProvided by publisher. | |
| 650 | 0. | ‡aBrothers and sisters ‡vFiction. ‡0(LARL_NWRL_CONSORTIUM)163634 | |
| 650 | 0. | ‡aMale high school teachers ‡vFiction. | |
| 650 | 0. | ‡aHigh school girls ‡xViolence against ‡vFiction. | |
| 650 | 0. | ‡aMurder ‡xInvestigation ‡vFiction. ‡0(LARL_NWRL_CONSORTIUM)166203 | |
| 651 | 0. | ‡aNorth Dakota ‡vFiction. ‡0(LARL_NWRL_CONSORTIUM)166437 | |
| 650 | 7. | ‡aFICTION / Contemporary Women. ‡2bisacsh | |
| 650 | 7. | ‡aFICTION / Suspense. ‡2bisacsh | |
| 655 | 7. | ‡aPsychological fiction. ‡2lcgft | |
| 655 | 7. | ‡aSuspense fiction. ‡2gsafd | |
| 776 | 0 | 8. | ‡iOnline version: ‡aSmith, Sherri (Sherri Lee), author. ‡tFollow me down ‡bFirst edition. ‡dNew York : Forge, 2017 ‡z9780765386724 ‡w(DLC) 2017002141 |
| 905 | . | ‡uvanderl | |
| 901 | . | ‡a227880 ‡b ‡c227880 ‡tbiblio ‡soclc | |

Add to basket
Permalink
Disable Highlighting